[Event "Muensterland Verbandsklasse 2122"]
[Site "Germany"]
[Date "2021.09.25"]
[Round "1.1"]
[White "Jacob, Helmut"]
[Black "Boerger, Andreas1111"]
[Result "1-0"]
[WhiteElo "2001"]
[BlackElo "1724"]
[PlyCount "79"]
[EventDate "2021.09.25"]
[EventType "team-tourn"]
[EventRounds "2"]
[EventCountry "GER"]
[SourceTitle "EXT 2023"]
[Source "ChessBase"]
[SourceDate "2022.10.05"]
[SourceVersion "1"]
[SourceVersionDate "2022.10.05"]
[SourceQuality "1"]
[WhiteTeam "Ochtrup"]
[BlackTeam "Reckenfeld"]
[WhiteTeamCountry "GER"]
[BlackTeamCountry "GER"]

1. e4 c5 2. d4 cxd4 3. c3 dxc3 4. Nxc3 Nc6 5. Nf3 e6 6. Bc4 a6 7. 0-0 d6 8. Qe2 Be7 9. Rd1 Qa5 10. Bf4 e5 11. Be3 Nf6 12. h3 h6 13. a3 0-0 14. b4 Qc7 15. Rac1 Qb8 16. Qa2 b5 17. Bd5 Bb7 18. Nd2 Nd8 19. Nf1 Re8 20. Ng3 Bf8 21. Bb3 Ne6 22. f3 g6 23. Qd2 Kh7 24. Qa2 Kg7 25. Bf2 Qd8 26. Nf1 Qd7 27. Ne3 Nc7 28. Kh2 Rec8 29. Bg3 Re8 30. Bf2 Rac8 31. Bh4 Nh7 32. Rd3 Ne6 33. Bd5 Nf4 34. Rdd1 Bxd5 35. Ncxd5 Nxd5 36. Nxd5 Rxc1 37. Rxc1 Ra8 38. Nb6 Qb7 39. Nxa8 Qxa8 40. Rc7 1-0

[Event "GER-ch Seniors 65 31st"]
[Site "Radebeul"]
[Date "2019.05.04"]
[Round "9"]
[White "Jacob, Helmut"]
[Black "Schulz, Michael"]
[Result "1-0"]
[WhiteElo "2107"]
[BlackElo "2183"]
[PlyCount "149"]
[EventDate "2019.04.26"]
[EventType "swiss"]
[EventRounds "9"]
[EventCountry "GER"]
[SourceTitle "CBM 190 Extra"]
[Source "ChessBase"]
[SourceDate "2019.07.15"]
[SourceVersion "1"]
[SourceVersionDate "2019.07.15"]
[SourceQuality "1"]

1. e4 g6 2. d4 Bg7 3. Nc3 c5 4. d5 d6 5. Nge2 a6 6. a4 Nf6 7. h3 0-0 8. g4 e6 9. Bg2 exd5 10. exd5 h5 11. g5 Nfd7 12. h4 Ne5 13. 0-0 Bg4 14. f3 Bf5 15. Ng3 Nbd7 16. Nxf5 gxf5 17. Bh3 Ng6 18. f4 Bd4+ 19. Kh1 Bxc3 20. bxc3 Qa5 21. Bxf5 Nxh4 22. Bxd7 Qxc3 23. Ra3 Qb4 24. Qe1 Qc4 25. Bh3 Qxd5+ 26. Kh2 Ng6 27. Bg2 Qc4 28. Qe4 Qxe4 29. Bxe4 Rab8 30. Rd3 Rfd8 31. Rfd1 Re8 32. Bf3 b5 33. axb5 axb5 34. Rxd6 b4 35. Bxh5 b3 36. cxb3 Rxb3 37. Rd8 Rxd8 38. Rxd8+ Kh7 39. Rd1 Rc3 40. Rf1 c4 41. Bf3 Kg8 42. Be4 Nf8 43. Bf5 Ng6 44. Bd2 Rb3 45. Rc1 Nh4 46. Bc2 Nf3+ 47. Kg2 Nxd2 48. Bxb3 cxb3 49. Rc8+ Kg7 50. Rb8 f6 51. gxf6+ Kxf6 52. Rb5 Ke6 53. Kh3 Kd6 54. f5 Kc6 55. Rb8 Kc5 56. Kg4 Kc4 57. f6 Ne4 58. f7 Nf6+ 59. Kf5 Nd7 60. Ke6 Nxb8 61. f8Q b2 62. Qxb8 Kc3 63. Qc7+ Kd2 64. Qb6 Kc2 65. Qc5+ Kd2 66. Qb4+ Kc2 67. Qc4+ Kd2 68. Qb3 Kc1 69. Qc3+ Kb1 70. Kd5 Ka2 71. Qc2 Ka1 72. Qa4+ Kb1 73. Kc4 Kc1 74. Qa3 Kc2 75. Qc3+ 1-0

[Event "GER-ch Seniors 65 31st"]
[Site "Radebeul"]
[Date "2019.05.02"]
[Round "7"]
[White "Jacob, Helmut"]
[Black "Scharff, Klaus"]
[Result "1/2-1/2"]
[WhiteElo "2107"]
[BlackElo "1918"]
[PlyCount "142"]
[EventDate "2019.04.26"]
[EventType "swiss"]
[EventRounds "9"]
[EventCountry "GER"]
[SourceTitle "CBM 190 Extra"]
[Source "ChessBase"]
[SourceDate "2019.07.15"]
[SourceVersion "1"]
[SourceVersionDate "2019.07.15"]
[SourceQuality "1"]

1. e4 e6 2. Nf3 d6 3. d4 Nd7 4. c4 Ne7 5. Nc3 a6 6. Be3 h6 7. Be2 c6 8. Qc2 b5 9. a3 Bb7 10. 0-0 g5 11. d5 cxd5 12. exd5 exd5 13. cxb5 Bg7 14. bxa6 Bxa6 15. Bxa6 Rxa6 16. Rad1 Ne5 17. Nd4 0-0 18. Nf5 Qd7 19. Nxe7+ Qxe7 20. Nxd5 Qb7 21. Nb4 Rc8 22. Qe2 Ra5 23. Bd4 Re8 24. Qd2 Raa8 25. Qc2 Rac8 26. Qf5 Rc4 27. Bxe5 Bxe5 28. Nd3 Qb5 29. g3 Qb7 30. Rd2 Bg7 31. Qh3 d5 32. Qg2 Qd7 33. b4 d4 34. Qf3 Rc3 35. Ra1 Qb5 36. Kg2 g4 37. Qd1 h5 38. a4 Qc4 39. a5 Bh6 40. Nf4 Bxf4 41. gxf4 d3 42. a6 Qxb4 43. Qa4 Qxa4 44. Rxa4 Ra8 45. Ra5 Kg7 46. a7 Kg6 47. Kg3 Rc7 48. Rg5+ Kh6 49. Rxd3 f6 50. Rgd5 Rcxa7 51. Rd6 Ra6 52. R6d5 Ra3 53. f3 gxf3 54. Kxf3 Rxd3+ 55. Rxd3 Ra5 56. Ke4 Ra4+ 57. Kf5 Ra2 58. Kxf6 Rxh2 59. Rd8 Kh7 60. f5 h4 61. Rd4 Kh6 62. Rd8 Kh7 63. Kf7 h3 64. Rd4 Kh6 65. f6 Rh1 66. Kf8 Kh5 67. f7 h2 68. Rd2 Kh4 69. Re2 Kh3 70. Ke8 Rf1 71. Rxh2+ Kxh2 1/2-1/2

[Event "GER-ch Seniors 65 31st"]
[Site "Radebeul"]
[Date "2019.04.27"]
[Round "2"]
[White "Weber, Martin1111"]
[Black "Jacob, Helmut"]
[Result "1/2-1/2"]
[WhiteElo "1848"]
[BlackElo "2107"]
[PlyCount "97"]
[EventDate "2019.04.26"]
[EventType "swiss"]
[EventRounds "9"]
[EventCountry "GER"]
[SourceTitle "CBM 190 Extra"]
[Source "ChessBase"]
[SourceDate "2019.07.15"]
[SourceVersion "1"]
[SourceVersionDate "2019.07.15"]
[SourceQuality "1"]

1. d4 Nf6 2. Bf4 e6 3. Nf3 c5 4. e3 Qb6 5. Nc3 cxd4 6. exd4 Bb4 7. Rb1 Ne4 8. Bd2 Nxd2 9. Qxd2 d5 10. a3 Be7 11. b4 0-0 12. Bd3 Nc6 13. Na4 Qc7 14. 0-0 Bf6 15. c3 Bd7 16. Nc5 Be8 17. Ng5 Bxg5 18. Qxg5 h6 19. Qe3 b6 20. Nb3 Ne7 21. f4 Rc8 22. Rbc1 Ba4 23. Nd2 Qd7 24. Rf3 Bb5 25. Bb1 a5 26. Rh3 axb4 27. axb4 Nf5 28. Bxf5 exf5 29. Nf3 Qe8 30. Nh4 Qe4 31. Qxe4 fxe4 32. Nf5 Rc7 33. Rg3 g6 34. Nxh6+ Kh7 35. Ng4 f6 36. Ne3 Rd8 37. h4 Be8 38. f5 gxf5 39. Nxf5 Bg6 40. Ne3 f5 41. Rg5 Kh6 42. g3 Rf7 43. Rf1 Rc7 44. Rc1 Rf7 45. Ng2 Rf6 46. Re1 Rc8 47. Ne3 Rd6 48. Rc1 Rf8 49. Kg2 1/2-1/2

[Event "MVP-ch Seniors op 16th"]
[Site "Binz"]
[Date "2016.11.24"]
[Round "2.23"]
[White "Jacob, Helmut"]
[Black "Aigner, Georg"]
[Result "1-0"]
[WhiteElo "2029"]
[BlackElo "1906"]
[PlyCount "133"]
[EventDate "2016.11.23"]
[EventType "swiss"]
[EventRounds "9"]
[EventCountry "GER"]
[SourceTitle "EXT 2018"]
[Source "ChessBase"]
[SourceDate "2017.10.13"]
[SourceVersion "1"]
[SourceVersionDate "2017.10.13"]
[SourceQuality "1"]

1. e4 e5 2. Nf3 Nc6 3. Nc3 Nf6 4. d4 exd4 5. Nxd4 Bb4 6. Nxc6 bxc6 7. Bd3 0-0 8. 0-0 Re8 9. Bg5 h6 10. Bh4 Be7 11. Bg3 d6 12. Re1 Rb8 13. Na4 Nd7 14. c4 Bf6 15. Rb1 Ne5 16. Bf1 Bh4 17. Qc2 Bxg3 18. hxg3 c5 19. Rbd1 Nc6 20. Nxc5 Qf6 21. Nd3 Nd4 22. Qb1 c5 23. e5 dxe5 24. Nxc5 Bf5 25. Ne4 Qc6 26. Bd3 Be6 27. b3 f6 28. Nc3 Qc5 29. Qc1 Bd7 30. Bb1 f5 31. Qe3 Qf8 32. Nd5 Bc6 33. f4 Qc5 34. Kf1 g6 35. Nf6+ Kf7 36. Nxe8 Rxe8 37. fxe5 Rd8 38. Qxh6 Rg8 39. Qe3 Ne6 40. Qxc5 Nxc5 41. Rd6 Be4 42. Bxe4 Nxe4 43. Rxe4 fxe4 44. Rf6+ Kg7 45. Rf4 e3 46. Rf3 Rh8 47. Rxe3 Rh1+ 48. Kf2 Ra1 49. Re2 Kf7 50. Ke3 Ke6 51. Kd3 Rd1+ 52. Kc3 a5 53. Kb2 a4 54. Ka3 axb3 55. axb3 g5 56. Ka4 Rd3 57. b4 Rxg3 58. b5 Rd3 59. Kb4 g4 60. b6 Rd1 61. Kc5 Rf1 62. b7 Rf8 63. Kc6 g3 64. Kc7 Rf7+ 65. Kb6 Rf2 66. b8Q Rxe2 67. Qe8+ 1-0

[Event "GER-chA Seniors 28th"]
[Site "Niederhausen"]
[Date "2016.08.14"]
[Round "2"]
[White "Minte, Horst"]
[Black "Jacob, Helmut"]
[Result "0-1"]
[WhiteElo "1877"]
[BlackElo "2030"]
[PlyCount "84"]
[EventDate "2016.08.13"]
[EventType "swiss"]
[EventRounds "9"]
[EventCountry "GER"]
[SourceTitle "EXT 2019"]
[Source "ChessBase"]
[SourceDate "2018.10.10"]
[SourceVersion "1"]
[SourceVersionDate "2018.10.10"]
[SourceQuality "1"]

1. d4 f5 2. Bf4 Nf6 3. e3 e6 4. h3 d6 5. Nf3 Nc6 6. c3 Qe7 7. Bb5 Bd7 8. Qe2 g6 9. Nbd2 Bg7 10. e4 a6 11. Bd3 e5 12. dxe5 dxe5 13. Bh2 f4 14. Ng5 h6 15. Ngf3 g5 16. g4 Nd8 17. Bc4 b5 18. Bb3 c5 19. 0-0-0 c4 20. Bc2 Nb7 21. Ng1 h5 22. f3 Nc5 23. Nb1 Qe6 24. Qf2 Bf8 25. Ne2 hxg4 26. hxg4 Rc8 27. Rd2 Nd3+ 28. Bxd3 cxd3 29. Rxd3 Bc5 30. Qg2 Be3+ 31. Kc2 Qxa2 32. Rxe3 fxe3 33. Bxe5 Kf7 34. f4 Rxh1 35. Qxh1 Qc4 36. Bxf6 Qxe2+ 37. Kb3 Qc4+ 38. Kc2 Kxf6 39. Qh6+ Kf7 40. f5 Qxe4+ 41. Kc1 Rg8 42. Qd6 Qc6 0-1

[Event "MVP-ch Seniors op 15th"]
[Site "Binz"]
[Date "2015.11.27"]
[Round "4.18"]
[White "Jacob, Helmut"]
[Black "Just, Joachim"]
[Result "1/2-1/2"]
[WhiteElo "2002"]
[BlackElo "1825"]
[PlyCount "109"]
[EventDate "2015.11.24"]
[EventType "swiss"]
[EventRounds "9"]
[EventCountry "GER"]
[SourceTitle "EXT 2017"]
[Source "ChessBase"]
[SourceDate "2016.10.25"]
[SourceVersion "1"]
[SourceVersionDate "2016.10.25"]
[SourceQuality "1"]

1. e4 e6 2. Nf3 d5 3. Nc3 Bb4 4. e5 Ne7 5. Ne2 c5 6. c3 Ba5 7. d4 Nbc6 8. dxc5 Bc7 9. Bf4 Ng6 10. Bg5 Qd7 11. Ned4 Ngxe5 12. Bb5 Nxf3+ 13. Qxf3 0-0 14. Qg4 f5 15. Qd1 h6 16. Qa4 hxg5 17. Nxc6 Qf7 18. Nd4 Qh5 19. Bd7 Qf7 20. Bxc8 Rfxc8 21. 0-0-0 Bf4+ 22. Kb1 Rxc5 23. Rde1 Rc4 24. Qc2 Re8 25. h4 gxh4 26. Rxh4 Bg5 27. Rh3 Bh6 28. Reh1 Qf6 29. Nb5 Rg4 30. f3 Rg6 31. Nxa7 Qg5 32. g3 Qe3 33. Nb5 Qxf3 34. Nd4 Qe4 35. a4 Ra8 36. Qxe4 fxe4 37. b3 Rf8 38. R1h2 Rf1+ 39. Kb2 Rgf6 40. b4 R6f2+ 41. Rxf2 Rxf2+ 42. Kb3 e5 43. Nc2 e3 44. Rh5 Rf3 45. Rxe5 Rxg3 46. a5 Bf4 47. Re7 Kf8 48. Rxb7 e2 49. a6 d4 50. a7 Rxc3+ 51. Kb2 Rc8 52. Ne1 g5 53. Rh7 Be5 54. b5 d3+ 55. Kb3 1/2-1/2

[Event "GER-chA Seniors 27th"]
[Site "Magdeburg"]
[Date "2015.08.19"]
[Round "5"]
[White "Kierzek, Matthias"]
[Black "Jacob, Helmut"]
[Result "1/2-1/2"]
[WhiteElo "2218"]
[BlackElo "2072"]
[PlyCount "82"]
[EventDate "2015.08.15"]
[EventType "swiss"]
[EventRounds "9"]
[EventCountry "GER"]
[SourceTitle "EXT 2018"]
[Source "ChessBase"]
[SourceDate "2017.10.13"]
[SourceVersion "1"]
[SourceVersionDate "2017.10.13"]
[SourceQuality "1"]

1. d4 f5 2. Bg5 g6 3. Nc3 Bg7 4. h4 h6 5. Bf4 Nf6 6. e3 c6 7. Qf3 d6 8. Bc4 Nbd7 9. 0-0-0 d5 10. Qg3 Kf7 11. Bc7 Qe8 12. Be2 Nf8 13. Nf3 Be6 14. Ne5+ Kg8 15. Kb1 Rc8 16. Nd3 Kh7 17. Bf4 Bf7 18. Ne5 N8d7 19. Nxd7 Qxd7 20. Be5 Rhg8 21. f4 h5 22. Rc1 b5 23. Bf3 c5 24. dxc5 b4 25. Ne2 Rxc5 26. Bd4 Ra5 27. Rcd1 Qa4 28. Nc1 Rc8 29. b3 Qc6 30. Rd2 Rb5 31. Nd3 Qb7 32. Ne5 Be8 33. Rc1 a5 34. c4 bxc3 35. Rxc3 Rxc3 36. Bxc3 Qc7 37. Rc2 Rc5 38. Qe1 Nd7 39. Qd2 Nxe5 40. Bxe5 Rxc2 41. Qxc2 Bxe5 1/2-1/2

[Event "Hessen-ch Seniors op 11th"]
[Site "Bad Sooden-Allendorf"]
[Date "2015.05.16"]
[Round "8"]
[White "Juergens, Peter1111"]
[Black "Jacob, Helmut"]
[Result "1/2-1/2"]
[WhiteElo "1943"]
[BlackElo "2070"]
[PlyCount "25"]
[EventDate "2015.05.09"]
[EventType "swiss"]
[EventRounds "9"]
[EventCountry "GER"]
[SourceTitle "EXT 2018"]
[Source "ChessBase"]
[SourceDate "2017.10.13"]
[SourceVersion "1"]
[SourceVersionDate "2017.10.13"]
[SourceQuality "1"]

1. d4 Nf6 2. Nf3 g6 3. Bf4 Bg7 4. e3 0-0 5. Be2 d5 6. 0-0 c5 7. c3 b6 8. Ne5 Bb7 9. Nd2 Nc6 10. h3 Nd7 11. Nxd7 Qxd7 12. dxc5 bxc5 13. Ne4 1/2-1/2